02225nam a2200313 i 4500003000900000005001700009007000300026008004100029020001800070040003000088082002500118100003500143245013000178250004600308264011800354300006600472336002700538337003300565338002800598500005700626500007300683500002200756504004000778505091500818650001601733650005901749651007101808700003201879DO-SdBNP20260602131214.0ta230919b2023 dr ||||| |||| 00| 0 spa d a9789945183986 aDO-SdBNPbspacBNPHUerda 4a320.97293bL925p2221 aLozano, Wilfredod1950-eautor13aLa política del poder :bla crisis de la democracia dominicana en el siglo xxi /cWilfredo Lozano ; corrección Amara Vera aSegunda edición actualizada y corregida 4aSanto Domingo :bFacultad Latinoamericana de Ciencias Sociales (FLACSO), Programa República Dominicana,c©2023 a544 páginas ;bilustraciones ; cuadros, gráficos,c23 cm. 2rdacontentatextobtxt 2rdamediaasin mediaciónbn 0rdacarrier2volumenanc aIncluye datos biográficos del autor en las solapas aIncluye raferencia bibliográficas y notas al pie de las páginas  aIncluye índices aBibliografía : páginas, 481-513 aSegunda edición ampliada revisada. Un libro académico sobre la democracia dominicana, su crisis, los partidos políticos, la política y el gobierno en la República Dominicana desde los años 1990 hasta la actualidad. Wilfredo Lozano es un reconocido sociólogo. Fue galardonado con el Premio Nacional de Ciencias Sociales de la Fundación Corripio. Entre sus publicaciones se encuentran Los trabajadores del capitalismo exportador (2001), Después de los caudillos (2004), Las paradojas de las migraciones: el estado dominicano frente a la inmigración haitiana (2008), La razón democrática: política, desarrollo y clientelismo en la democracia dominicana (2013) y La política del poder: la crisis de la democracia dominicana en el siglo XXI (2017), El reformismo dependiente, política, economía y sociedad en el gobierno de los doce años de Joaquín Balaguer 1966-1978 (1985-2020) 7aDemocracia  7aPartidos políticoszRepública Dominicana2LIBRUNAM 7aRepública DominicanaxPolítica y gobiernoySiglo XXI2LIBRUNAM aVera, Aimara,ecorrección